<?xml version="1.0" encoding="UTF-8"?>
<record
    xmlns:xsi="http://www.w3.org/2001/XMLSchema-instance"
    xsi:schemaLocation="http://www.loc.gov/MARC21/slim http://www.loc.gov/standards/marcxml/schema/MARC21slim.xsd"
    xmlns="http://www.loc.gov/MARC21/slim">

  <leader>00678nam a22001217a 4500</leader>
  <datafield tag="040" ind1=" " ind2=" ">
    <subfield code="c">RUA</subfield>
  </datafield>
  <datafield tag="082" ind1=" " ind2=" ">
    <subfield code="a">AVM SAM 2025 B705 Or.1</subfield>
  </datafield>
  <datafield tag="100" ind1=" " ind2=" ">
    <subfield code="a">SAMITH &#x200B;&#x200B; SEYMA, &#x179F;&#x17B6;&#x1798;&#x17B8;&#x178F; &#x179F;&#x17B8;&#x1798;&#x17C9;&#x17B6;</subfield>
  </datafield>
  <datafield tag="245" ind1=" " ind2=" ">
    <subfield code="a">Case of escherichia coli resistance to antibiotics in piglets at sangkat kbal khoh, khan chbar ampov, phnom penh, &#x1780;&#x179A;&#x178E;&#x17B8; Escherichia coli &#x179F;&#x17CA;&#x17B6;&#x17C6;&#x1793;&#x17B9;&#x1784;&#x17B3;&#x179F;&#x1790;&#x17A2;&#x1784;&#x17CB;&#x1791;&#x17B8;&#x1794;&#x17CA;&#x17B8;&#x1799;&#x17C9;&#x17BC;&#x1791;&#x17B7;&#x1780; &#x179B;&#x17BE;&#x1780;&#x17BC;&#x1793;&#x1787;&#x17D2;&#x179A;&#x17BC;&#x1780; &#x1793;&#x17C5;&#x179F;&#x1784;&#x17D2;&#x1780;&#x17B6;&#x178F;&#x17CB;&#x1780;&#x17D2;&#x1794;&#x17B6;&#x179B;&#x1780;&#x17C4;&#x17C7; &#x1781;&#x178E;&#x17D2;&#x178C;&#x1785;&#x17D2;&#x1794;&#x17B6;&#x179A;&#x17A2;&#x17C6;&#x1796;&#x17C5; &#x179A;&#x17B6;&#x1787;&#x1792;&#x17B6;&#x1793;&#x17B8;&#x1797;&#x17D2;&#x1793;&#x17C6;&#x1796;&#x17C1;&#x1789;</subfield>
  </datafield>
  <datafield tag="260" ind1=" " ind2=" ">
    <subfield code="a">PHNOM PENH</subfield>
    <subfield code="b">RUA</subfield>
    <subfield code="c">2025</subfield>
  </datafield>
  <datafield tag="300" ind1=" " ind2=" ">
    <subfield code="a">ix, 41p.</subfield>
    <subfield code="b">ill.</subfield>
    <subfield code="c">29cm.</subfield>
  </datafield>
  <datafield tag="942" ind1=" " ind2=" ">
    <subfield code="c">AVM</subfield>
  </datafield>
  <datafield tag="999" ind1=" " ind2=" ">
    <subfield code="c">25801</subfield>
    <subfield code="d">25801</subfield>
  </datafield>
  <datafield tag="952" ind1=" " ind2=" ">
    <subfield code="0">0</subfield>
    <subfield code="1">0</subfield>
    <subfield code="4">0</subfield>
    <subfield code="6">AVM_SAM_2025_000000000000000_B705_OR_1</subfield>
    <subfield code="7">0</subfield>
    <subfield code="9">106476</subfield>
    <subfield code="a">LBB</subfield>
    <subfield code="b">LBA</subfield>
    <subfield code="c">B705</subfield>
    <subfield code="d">2026-05-23</subfield>
    <subfield code="l">1</subfield>
    <subfield code="o">AVM SAM 2025 B705 Or.1</subfield>
    <subfield code="p">B712953</subfield>
    <subfield code="r">2026-06-23</subfield>
    <subfield code="s">2026-06-03</subfield>
    <subfield code="y">AVM</subfield>
  </datafield>
  <datafield tag="952" ind1=" " ind2=" ">
    <subfield code="0">0</subfield>
    <subfield code="1">0</subfield>
    <subfield code="4">0</subfield>
    <subfield code="6">AVM_SAM_2025_000000000000000_B705_OR_2</subfield>
    <subfield code="7">0</subfield>
    <subfield code="9">106477</subfield>
    <subfield code="a">LBB</subfield>
    <subfield code="b">LBB</subfield>
    <subfield code="c">B705</subfield>
    <subfield code="d">2026-05-23</subfield>
    <subfield code="o">AVM SAM 2025 B705 Or.2</subfield>
    <subfield code="p">B712394</subfield>
    <subfield code="r">2026-05-23</subfield>
    <subfield code="y">AVM</subfield>
  </datafield>
</record>
